| 000 | 00856nam a22002057a 4500 | ||
|---|---|---|---|
| 999 |
_c2692 _d2692 |
||
| 003 | AR-CdUCM | ||
| 008 | 190305b ||||| |||| 00| 0 spa d | ||
| 040 |
_aMUNICIPALIDAD PROVINCIAL DEL CUSCO _cBIBLIOTECA MUNICIPAL DEL CUSCO |
||
| 082 |
_a338.48 / _bE96 |
||
| 110 |
_aBanco industrial del Peru _99447 |
||
| 245 | _aEvolución industrial manufacturera peruana 1971-1972 / | ||
| 260 |
_aLima : _bEdit. Banco industrial del Perú, |
||
| 300 |
_a217 paginas ; _bDiagramas,ilustraciones, _c23 cm. |
||
| 505 | _aContenido :Algunos aspectos de economía peruana 1971-1972 --La industria manufacturera peruana en 1971-1972 --Las industrias de primera prioridad --Evolución de las industrias basicas 1971-1972 ... | ||
| 650 |
_aEconomía _9382 |
||
| 650 |
_aIndustria _94386 |
||
| 650 |
_aEvolución industrial _99448 |
||
| 942 |
_2ddc _cLIBROS |
||
| 945 | _arjall | ||